000 00929cam a2200205 4500
001 WB3908-11
008 030227n2003 000 0 eng u
035 _a(Sirsi) u121453
245 _aReport hints at challenging market times ahead
260 _c2003
490 _aHammerson Press Release
_v 24 February 2003 (2)
520 _aLatest results for Hammerson reflect that market conditions in office and retail development will remain challenging for the remainder of 2003. Report predicts office rents in London could fall by 10%, adding to last year's fall of 25%. http://www.hammerson.co.uk/announcements/press2.html
590 _aWB
650 _aOFFICE RENTS
650 _aPROPERTY-COMMERCIAL PROPERTY-OFFICE PROPERTY-OFFICE PROPERTY MARKET
650 _aPROPERTY-COMMERCIAL PROPERTY-RETAIL PROPERTY-RETAIL PROPERTY MARKET
650 _aMARKET CONDITIONS
690 _aPROPERTY-PROPERTY DEVELOPMENT
942 _n0
999 _c72174
_d72174